00374nam a2200133Ia 4500008004100000020001500041041001200056082001600068100002300084245007700107260003200184300000800216650001600224221030s9999 xx 000 0 und d a8173092995 aEnglish a105.23bMuk aA. K. Mukhopadhyay 0aMicroprocessor Microcomputer & their Applicationscby A. K. Mukhopadhyay bNarosa PubaNew Delhic1999 a342 aBE Computer